Liedtext - Junimond - Echt - Statistiken

Allgemein
  • Dieses Quiz wurde 172 mal gespielt
  • Das Durchschnittsergebnis liegt bei 120 aus 182
Antwortstatistiken
Textquiz % Korrekt
Junimond
97%
Es
95%
es
95%
ist
92%
Ich
84%
ich
84%
vorbei
84%
du
80%
bye
78%
und
75%
Und
75%
auf
72%
dich
71%
nicht
71%
sie
69%
Die
68%
Wenn
64%
alle
63%
seh
62%
Doch
61%
mehr
61%
alles
58%
meinem
58%
hab
57%
Hab
57%
hier
57%
zu
57%
kein
56%
meiner
56%
jetzt
55%
Jetzt
55%
gehst
53%
bin
52%
Fenster
52%
Aber
51%
weh
51%
tut’s
50%
Welt
48%
Wolke
48%
kommt
47%
Sturm
47%
bleibt
46%
Mit
46%
oben
44%
stumm
43%
ganz
40%
schaut
38%
Augen
37%
gezählt
37%
kommen
37%
rauf
37%
verflucht
36%
gewartet
35%
Stunden
35%
müden
33%
gesucht
32%
gebetet
30%
geraucht
30%
flussabwärts
29%
flussauf
29%
getrunken
29%
Nee
28%
staubig
27%
Zweitausend
26%
scheu
25%
Keine übereinstimmenden Quizze gefunden
Verteilung der Resultate
Anzahl Personen mit jedem Resultat
Perzentil nach korrekt beantworteten Fragen
Ihre Resultats-Entwicklung
Sie haben dieses Quiz noch nicht gespielt